Diseño y construcción de piezas soldadas

Uloženo v:
Podrobná bibliografie
Hlavní autor: Rodríguez Fernández, Jaime (Autor)
Médium: Kniha
Jazyk:španělština
Vydáno: Barcelona Ceac 1970
Edice:Biblioteca Ceac de mecánica
Témata:
Tagy: Přidat tag
Žádné tagy, Buďte první, kdo vytvoří štítek k tomuto záznamu!

MARC

LEADER 00000nam a2200000 a 4500
001 UCV6015
003 CL-VaPUC
008 930831e19700000SP |||||||||||||||||spa|d
082 0 4 |a 671.52  |b ROD  |2 21 
100 0 |a Rodríguez Fernández, Jaime  |e author  |9 300240 
245 1 0 |a Diseño y construcción de piezas soldadas 
300 |a 310 p 
942 |c BK 
945 |d 19930831 00:00:00 
260 |a Barcelona  |b Ceac  |c 1970 
650 0 |a Soldadura  |9 262933 
583 |a last modification  |c 19930831 00:00:00  |k Rodrigo Vera 
490 0 |a Biblioteca Ceac de mecánica 
999 |c 212279  |d 212277 
952 |0 0  |1 0  |4 0  |6 671_520000000000000_ROD_1970  |7 0  |8 A  |9 192921  |a BIBMEC  |b BIBMEC  |d 2019-11-14  |i 1335979  |o 671.52 ROD 1970  |p 1335979  |r 2024-01-19  |w 2019-11-14  |y BK  |k MEC